000 01033nam a2200229 i 4500
001 34351
003 ES-MaACL
005 20230906154922.0
007 t|
008 030204s1930 gw ||||1| ger d
100 1 _aBlashke, Wilhelm.
_929407
245 1 0 _aVorlesungen über differential geometrie und geometrische grundlagen von Einstein relativitèatstheorie /
_cvon Wilhelm Blaschke.
260 _aBerlin :
_bJulius Springer,
_c1930.
300 _a3 v. ;
_c24 cm.
505 8 _aContiene: Vol. I: Elementare differential geometrie / dearbeitet und herausgegeben von Gerhard Thomson. -- Vol. II: Affine differential geometrie / dearbeitet von kurt Reidemeister. -- Vol. III: Differential geometrie der Kreise und Kugeln / dearbeitet von Gerhard Thomson
700 1 _aThomson, Gerhard.
_9110113
700 1 _aReidemeister, Kurt.
_995982
740 0 _aElementare differential geometrie.
740 0 _aAffine differential geometrie.
740 0 _aDifferential geometrie der Kreise und Kungeln.
852 _aES-MaACL
_jA-4426-28
999 _c34351
_d34351